| 000 | 00858nam a2200205 a 4500 | ||
|---|---|---|---|
| 008 | 120416s1985 ||||||||||||||||| || u | ||
| 020 | _a0333397843 | ||
| 050 | _aHD 596 Bal | ||
| 100 | _aBalchin, Paul N | ||
| 245 | 1 | 0 | _aUrban land economics |
| 250 | _a3rd ed. | ||
| 260 |
_aLondon _bMacmillan _c1985 |
||
| 300 | _axvi, 302p. : ill. | ||
| 350 | _a0.00 | ||
| 650 | _aLAND | ||
| 650 | _aLAND ECONOMICS | ||
| 995 |
_aBINDERY (DAMAGED) _D0.00 _e711144 _FCBU-MAIN LIBRARY (Kitwe) _H1 _I7.95 _jHD 596 Bal _M2 _UDAMAGED _y004744 _ZMain Library Open Access Collection |
||
| 995 |
_aBINDERY (DAMAGED) _D0.00 _e709638 _FCBU-MAIN LIBRARY (Kitwe) _H3 _I7.95 _jHD 596 Bal _M1 _UDAMAGED _y004743 _ZMain Library Open Access Collection |
||
| 995 |
_aBINDERY (DAMAGED) _D0.00 _e708790 _FCBU-MAIN LIBRARY (Kitwe) _H2 _I7.95 _jHD 596 Bal _M3 _UDAMAGED _y004742 _ZMain Library Open Access Collection |
||
| 999 |
_c78562 _d78562 |
||